000 01199nam a2200265Ia 4500
008 0000002010 sp ad 0000000000mul00
020 _a9788488557346
090 _aPSP00 J81j3
245 1 0 _aJuan Navarro Baldeweg
_b: pintar, pintar
_c/ traducción Dena Cowan ; fotografías Pepe del Cid Mendoza
300 _a40 p.
_c/ 24 cm.
500 _aExposición realizada en Marlborough, Madrid, septiembre 16 octubre 16, 2010; Marlborough, Chelsea, enero febrero, 2011 \ Incluye cronología del artista \ Texto bilingue: español inglés
501 _aEstudios en el proceso de activación / Iván López Munuera
505 _aOBRAS : En el estudio Pintar IV Pintar II Pintar I Pintar V Pintor I Pintor en el estudio
600 0 0 _aNAVARRO BALDEWEG, JUAN, 1939/
_xTRABAJOS PICTORICOS
650 1 4 _aARTE CONTEMPORANEO ESPAÑOL
650 1 4 _aARTISTAS PLASTICOS ESPAÑOLES EXPOSIONES
650 1 4 _xCATALOGOS
650 1 4 _xEXPOSICIONES
650 1 4 _aPINTORES ESPAÑOLES
650 1 4 _aPINTURA AL OLEO
650 1 4 _aPINTURA ESPAÑOLA
650 1 4 _aPINTURA SOBRE TELA
700 1 _aCowan, Dena Ellen \ Mendoza, Pepe del Cid
999 _c13570
_d13570
260 _aMadrid : Marlborough
_c2010